| 000 | 00694nam a22002177a 4500 | ||
|---|---|---|---|
| 005 | 20211208163223.0 | ||
| 008 | 211208b ||||| |||| 00| 0 eng d | ||
| 040 | _cAL | ||
| 041 | _aeng | ||
| 082 |
_223 _a954.0359 _bZAKP |
||
| 100 |
_aRafiq Zakaria _911360 |
||
| 245 |
_aPrice of Partition _bRecollections and Reflections |
||
| 260 |
_aMumbai _bBharatiya Vidya Bhavan _c1998 |
||
| 300 |
_axix,209 p. _bHB _c21x14 cm. |
||
| 365 |
_c₹ _d₹200.00 |
||
| 520 | _aPresentation of events and circumstances leading to the partition of India. | ||
| 650 |
_a India ,History ,Partition _911361 |
||
| 650 |
_aPolitics and Government _911362 |
||
| 700 |
_aZAKARIA (Rafiq) _911363 |
||
| 942 |
_2ddc _cGF |
||
| 999 |
_c220900 _d220900 |
||